000 00707nam a2200253 i 4500
001 C2-0005352
003 PPAK
005 20190630221834.0
008 970125s1988 enka|||| ||||| | eng d
020 _a0631901663
040 _aPPAK
_beng
_cPPAK
_erda
082 0 4 _a372.5044
_223
090 0 0 _a372.5044
_bART
_dG
090 0 0 _a372.5044
_bART
_dR
245 0 0 _aArt 4 - 11 :
_bart in the early years of schooling
250 _aMorgan, Margaret
264 1 _aOxford :
_bBas 1 Blackwell ,
_c1988
300 _a18 pages :
_billustrations ;
_c27 cm
336 _2rdacontent
_atext
337 _2rdamedia
_aunmediated
338 _2rdacarrier
_avolume
650 1 0 _aArt - Study and teaching
942 _ddc
_cB
999 _c1557
_d1557